| 000 | 00981cam a2200277 a 4500 | ||
|---|---|---|---|
| 001 | 15188152 | ||
| 003 | ARRUPE | ||
| 005 | 20160218081443.0 | ||
| 008 | 080221s2008 nyu b 000 0 eng | ||
| 010 | _a 2008007491 | ||
| 020 | _a9780823227907 (cloth : alk. paper) | ||
| 020 | _a9780823227914 (pbk. : alk. paper) | ||
| 040 |
_aDLC _cDLC _dDLC |
||
| 041 | 1 |
_aeng _hfre |
|
| 050 | 0 | 0 |
_aB2430.D483 _bA5513 2008 |
| 082 | 0 | 0 |
_a194 _222 |
| 100 | 1 |
_aDerrida, Jacques. _922338 |
|
| 245 | 1 | 4 |
_aThe animal that therefore I am / _cJacques Derrida ; edited by Marie-Louise Mallet ; translated by David Wills. |
| 260 |
_aNew York : _bFordham University Press, _c2008. |
||
| 300 |
_aiii, 176 p. ; _c24 cm. |
||
| 650 | 0 |
_aAnimals (Philosophy) _922339 |
|
| 700 | 1 |
_aMallet, Marie-Louise. _922340 |
|
| 906 |
_a7 _bcbc _corignew _d1 _eecip _f20 _gy-gencatlg |
||
| 942 |
_2lcc _cMONOGRAPH |
||
| 999 |
_c124189 _d124189 |
||